Most Coaching Wins Ever For a Team To Not Lead - Statistics

General Stats
  • This quiz has been taken 9 times
  • The average score is 8 of 10
Answer Stats
Wins Team Coach % Correct
183 PIT Mike Tomlin
100%
149 PIT Bill Cowher
88%
97 MIN Dennis Green
88%
106 CHI Mike Ditka
88%
125 GBP Mike McCarthy
88%
102 NYG Tom Coughlin
88%
110 DEN Dan Reeves
75%
124 KAN Hank Stram
75%
93 NOS Jim Mora
75%
101 KAN Marty Schottenheimer
75%
No matching quizzes found
Score Distribution
Percent of People with Each Score
Percentile by Number Answered
Your Score History
You have not taken this quiz